Entry Personal Name
Number of records used in: 1
001 - CONTROL NUMBER
003 - CONTROL NUMBER IDENTIFIER
005 - DATE AND TIME OF LATEST TRANSACTION
- control field:
20231109153614.0
008 - FIXED-LENGTH DATA ELEMENTS
- fixed length control field:
060719n| acannaabn |a aaa
010 ## - LIBRARY OF CONGRESS CONTROL NUMBER
- LC control number:
n 2006055927
040 ## - CATALOGING SOURCE
- Original cataloging agency:
DLC
- Language of cataloging:
eng
- Transcribing agency:
DLC
- Modifying agency:
DLC
100 1# - HEADING--PERSONAL NAME
- Personal name:
Purchas, Samuel,
- Dates associated with a name:
1577?-1626.
- Title of a work:
Hakluytus posthumus
400 1# - SEE FROM TRACING--PERSONAL NAME
- Personal name:
Purchas, Samuel,
- Dates associated with a name:
1577?-1626.
- Title of a work:
Haklvytvs posthumus
400 1# - SEE FROM TRACING--PERSONAL NAME
- Personal name:
Purchas, Samuel,
- Dates associated with a name:
1577?-1626.
- Title of a work:
Pvrchas his Pilgrimes (1625)
400 1# - SEE FROM TRACING--PERSONAL NAME
- Personal name:
Purchas, Samuel,
- Dates associated with a name:
1577?-1626.
- Title of a work:
Purchas his Pilgrimes (1625)
400 1# - SEE FROM TRACING--PERSONAL NAME
- Personal name:
Purchas, Samuel,
- Dates associated with a name:
1577?-1626.
- Title of a work:
Pilgrimes
670 ## - SOURCE DATA FOUND
- Source citation:
Purchas, Samuel. Haklvytvs posthumus, or, Pvrchas his Pilgrimes, 1625
670 ## - SOURCE DATA FOUND
- Source citation:
Short-title catalogue of books printed in England, Scotland, & Ireland and of English books printed abroad 1475-1640, 1976:
- Information found:
vol. II, no. 20509 (Hakluytus Posthumus or Purchas his pilgrimes)
670 ## - SOURCE DATA FOUND
- Source citation:
Church, Elihu Dwight. A catalogue of books relating to the discovery and early history of North and South America, 1907:
- Information found:
Vol. II, p. 921 [No. 401a] (Purchas his Pilgrimes; one of the fullest and most important collections of voyages and travels in the English language, a part of the third and all of the fourth volume being devoted to voyages to America. From 1613 on Purchas issued several editions of PURCHAS HIS PILGIRMAGE, or accounts of the religious world, which is AN ENTIRELY DIFFERENT WORK, though it does include portions that relate to America. The fourth and best edition of Purchas his Pilgrimage, published in 1626, is often considered a fifth, or supplimentary volume to the four-volume Purchas his Pilgrimes published in 1625, though, as has been stated, it is in fact an entirely different work)